000 01466nam a2200445 c 4500
999 _c24147
_d24147
001 24147
003 ES-MaCES
005 20180606105429.0
008 111215s2011 xxud t 000 | eng d
020 _a9780230231719 (hardback)
035 _aCES20110009818m
040 _aES-MaCES
_bspa
_cES-MaCES
100 1 _aOlgu, Özlem
_919910
245 1 0 _aEuropean banking
_b: enlargement, structural changes and recent developments
_cÖzlem Olgu
250 _a1st ed
260 _aNew York (etc.)
_bPalgrave Macmillan
_c2011
300 _aXXI, 263 p.
_bgráf. bl. y n.
_c23 cm
490 1 _aPalgrave Macmillan studies in banking and financial institutions
500 _aÍndices
504 _aBibliografía: p. 236-245
541 _cCompra
650 4 _abanco
_928104
650 4 _aUEM
_930760
650 4 _aBanco Central Europeo
_931305
650 4 _aactividad bancaria
_928105
650 4 _acrisis económica
_927102
650 4 _apérdida financiera
_928136
650 4 _apolítica crediticia
_928109
650 4 _acambio estructural
_930042
650 4 _apolítica comunitaria
_930776
650 4 _aadhesión de miembros
_930972
650 4 _aTurquía
_926990
650 4 _929020
_apaís de la UE
650 4 _926752
_aUE
653 1 0 _aFinanciación
830 0 _aPalgrave Macmillan studies in banking and financial institutions
_934621
902 _aLIB Libro
942 _2CES
_cBK
_h0.0.